絕代雙驕

資料類型: Book 圖書   書目號:53906

Leader xxxxxxxxxx
001 __ PCLIS00053906
005 __ 20220308112015.0
010 0_ |a986-146-286-4|b第一冊 : 平裝|dNT$240
010 0_ |a986-146-287-2|b第二冊 : 平裝|dNT$240
010 0_ |a986-146-288-0|b第三冊 : 平裝|dNT$240
100 __ |a20200417e20192006m  y0chiy09      e
101 0_ |achi
102 __ |atw
105 __ |aa   z   000ay
200 1_ |a絕代雙驕|f古龍著
205 __ |a古龍80週年紀念版
210 __ |a臺北市|c風雲時代|d2019.01[民108]
215 0_ |a5冊|d21公分
225 1_ |a古龍精品集|v6-8
300 __ |a著者本名熊耀華
339 __ |a館藏: 第1-3冊
681 __ |a857.9|b843
700 _0 |a古龍|f1938-1985|4801 _0 |atw|b內湖高中|c20200417
801 _2 |atw|b內湖高中|c20220308|gCCR
詳細館藏 1-3 筆 (共 3 筆)
索 書 號登 錄 號冊次號館別 / 館藏地流通類型狀態加入預約清單電子資源
857.9 / 843 2020587 v.1 圖書館 / 一樓普通區 可外借30天 在館   
857.9 / 843 2020588 v.2 圖書館 / 一樓普通區 可外借30天 在館   
857.9 / 843 2020589 v.3 圖書館 / 一樓普通區 可外借30天 在館   

| 條列資料




目錄查詢 分類查詢 個人資料 圖書薦購 新書查詢 閉館日 排行榜 更多電子資源 Hami書城 線上資料庫 登出

From : 216.73.216.116

  本日流通累計至 14:03:24 借閱 : 6 次 續借 : 0 次 歸還 : 2 次 預約 : 0 次 電子資源 : 0 次


內湖高中圖書館  PCLIS 版本  25.5.0.2